Mathematical structures for computer science /
Guardado en:
| Autor Principal: | |
|---|---|
| Formato: | Libro |
| Idioma: | English |
| Publicado: |
New York :
W. H. Freeman,
c1987.
|
| Edición: | 2nd ed. |
| Series: | A Series of books in the mathematical sciences
|
| Materias: | |
| Etiquetas: |
Agregar Etiqueta
Sin Etiquetas, Sea el primero en etiquetar este registro!
|
| LEADER | 00766cam a2200241 a 4500 | ||
|---|---|---|---|
| 001 | MAT.inmabb005236 | ||
| 008 | 860421s1987####nyua##########001#0#eng## | ||
| 005 | 20160616114725.0 | ||
| 245 | 1 | 0 | |a Mathematical structures for computer science / |c Judith L. Gersting. |
| 250 | |a 2nd ed. | ||
| 260 | |a New York : |b W. H. Freeman, |c c1987. | ||
| 300 | |a xiv, 618 p. : |b il. ; |c 25 cm. | ||
| 440 | 2 | |a A Series of books in the mathematical sciences | |
| 500 | |a Incluye índice. | ||
| 020 | |a 0716718022 | ||
| 100 | 1 | |a Gersting, Judith L. | |
| 650 | 0 | |a Mathematics. | |
| 650 | 0 | |a Mathematical models. | |
| 650 | 0 | |a Computer science |x Mathematics. | |
| 084 | |a 00A05 (68-01) |2 msc2000 | ||
| 010 | |a 86009974 | ||
| 040 | |a DLC |c DLC |d DLC | ||
| 859 | |h 00A05 |i G383-2 |p A-6012 |b BIB. MATEMATICA | ||
